| 000 | 00899cam a2200301 i 4500 | ||
|---|---|---|---|
| 999 |
_c1274 _d1274 |
||
| 001 | 1274 | ||
| 003 | BD-JhCC | ||
| 005 | 20171017171457.0 | ||
| 008 | 800110s1979 ilua b 001 0 eng d | ||
| 020 | _a0875812449 | ||
| 035 | _a(BD-JhCC) 1274 | ||
| 040 |
_aDLC _cDLC _dDLC _dBD-JhCC |
||
| 041 | _aeng | ||
| 050 | 0 | 0 |
_aLB3051 _b.H7 |
| 082 | 0 | 0 |
_a371.271 _bHOP 1979 |
| 100 | 1 | _aHopkins, Charles D. | |
| 245 | 1 | 0 |
_aClassroom Testing : _bAdministration, Scoring, and Score Interpretation / _cCharles D. Hopkins; Richard L. Antes. |
| 260 |
_aItasca, Ill. : _bF. E. Peacock, _cc1979. |
||
| 300 |
_ax, 158 p. : _bill. ; _c23 cm. |
||
| 500 | _aIncludes index. | ||
| 504 | _aBibliography: p. 153-154. | ||
| 650 | 0 | _aExaminations. | |
| 650 | 0 |
_aExaminations _xScoring. |
|
| 650 | 0 |
_aExaminations _xInterpretation. |
|
| 700 | 1 | _aAntes, Richard L., | |
| 942 |
_2ddc _cBK |
||